| 000 | 01089nam a2200385 a 4500 | ||
|---|---|---|---|
| 001 | vtls000012156 | ||
| 003 | NLI | ||
| 005 | 20210601181156.0 | ||
| 008 | 101125s1964 nyua 001 0 eng | ||
| 020 | _c$ 6.00 | ||
| 039 | 9 |
_y201011250059 _zVLOAD |
|
| 040 | 0 |
_aNLI _beng _cVERGIS-2003 |
|
| 041 | 1 | _aeng | |
| 044 | 1 | _anyu | |
| 082 | 0 | 4 | _a621.47 |
| 100 | 1 |
_aRau, Hans _940763 |
|
| 245 | 1 | 0 |
_aSolar energy/ _cHans Rau; translated by Maxim Schur, edited and revised by D.J. Duffin |
| 260 |
_aNew York: _bMacmillan, _cc1964 |
||
| 300 |
_a171 p.: _bill.; _c21 cm. |
||
| 500 | _aIncludes index | ||
| 650 | 0 |
_aSolar energy _949 |
|
| 650 | 0 |
_aSolar radiation _940764 |
|
| 650 | 0 |
_aPhotovoltaic power generation _91997 |
|
| 700 | 1 |
_aDuffin, D.J., _4edt, _4rev _940765 |
|
| 700 | 1 |
_aSchur, Maxim, _4trl _940766 |
|
| 887 | _aA. Kannan | ||
| 901 |
_a368317 _b27/11/1969 |
||
| 902 | _aE 621.47 R 19 | ||
| 903 | _a01/03/2004 | ||
| 904 | _aA. Kannan | ||
| 906 | _a010929 | ||
| 949 |
_AVIRTUAITEM _D10000 _F1 _X100 _6PUR000368317ENG _aE 621.47 R19 |
||
| 942 |
_2ddc _cBKS |
||
| 999 |
_c16005 _d16005 |
||